00366nam a2200145Ia 4500008004100000020001500041041001200056082001600068100001100084245005300095260003500148300000800183650001400191700001500205221030s9999 xx 000 0 und d a8178089068 aEnglish a105.23bYen aJ. Yen 0aFUZZY LOGIC- Intelligence, Control & Information bPearson EducationaDelhic2005 a530 aComputers aR. Langari